Bolívar: La fuerza del desarraigo.

Uloženo v:
Podrobná bibliografie
Hlavní autor: Corsi Otálora, Luis (autor)
Další autoři: Ayuso, Miguel (prólogo)
Médium: Kniha
Vydáno: Buenos Aires, Argentina: Ediciones Nueva Hispanidad, 2005.
Vydání:2ª edición corregida
Témata:
Tagy: Přidat tag
Žádné tagy, Buďte první, kdo vytvoří štítek k tomuto záznamu!

MARC

LEADER 00000nam a22000007a 4500
003 CL-VaPUC
005 20220822114753.0
008 220801t2005 ||||| |||| 00| 0 eng d
999 |c 437804  |d 437802 
020 |a 987-1036-37-X 
040 |c Pontificia Universidad Católica de Valparaíso 
082 |a 923.587 COR 2005 
100 1 |a Corsi Otálora, Luis  |e autor  |9 874475 
245 |a Bolívar: La fuerza del desarraigo. 
250 |a 2ª edición corregida 
260 |a Buenos Aires, Argentina:  |b Ediciones Nueva Hispanidad,  |c  2005. 
300 |a 150 páginas. 
500 |a c.1 Donación Familia Prof. Alejandro Guzmán Brito. 
583 |c 20220801  |k Catalogador Asistente 
600 0 |a Bolívar, Simón   |d 1783-1830  |9 265422 
700 |a Ayuso, Miguel  |e prólogo  |9 874476 
942 |2 ddc  |c BK  |n 0 
952 |0 0  |1 0  |2 ddc  |4 0  |6 923_587000000000000_COR_2005  |7 1  |8 C_AGB  |9 585632  |a BIBDER  |b BIBDER  |d 2022-08-01  |e Donación  |i 5653679  |o 923.587 COR 2005  |p 5653679  |r 2023-01-25  |t 1  |w 2022-08-01  |y BK_US  |k AGB